000 00421nam a22001697a 4500
005 20180425122509.0
008 160520b xxu||||| |||| 00| 0 eng d
020 _a978-81-265-3135-6
041 _aeng
082 _b510
_a510.2462
100 _aKreyszig, ervin
_94287
245 _aAdvanced Engineering Mathematics
260 _bWiley India
_c2006
300 _a1094
650 _aDIPLOMA ENGINEERING
_9817
942 _cBK
999 _c1148
_d1148